000 00340nam a2200157Ia 4500
100 _aSpong/Mark W/ Vidyasagar/M
650 _aRobot
942 _cBK
366 _f27
245 _aRobot dynamics and control
260 _bWiley India
_c2004
082 _a629.892
_bSPO
300 _a336
546 _aENGLISH
_celectronics
999 _c32304
_d32304